01274nam a2200361 i 450000100060000000300080000600500170001400600190003100700150005000800410006502000180010602000280012403500220015204000310017405000210020508000120022608200180023810000370025624500730029326400500036630000640041633600310048033700330051133800430054449000350058750400290062258800830065165000270073465000250076165500270078683000360081385600630084988408FINmELB20241217171637.0m o d | cr cnu||||||||221027s2021 ck a ob 000 0 spa d z9789587464559 a9789587464566q(e-book) a(OCoLC)1351575126 aFINmELBbspaerdacFINmELB14aQL542bC695 2021 a595.78904a595.789092231 aColey Coronado, Edinson,eautor.10aMariposas :bSierra Nevada de Santa Marta /cEdinson Coley Coronado. 1aSanta Marta :bEditorial Unimagdalena,c2021. a1 recurso en línea (426 páginas) :bilustraciones color atextobtxt2rdacontent/spa acomputadorabc2rdamedia/spa arecurso en líneabcr2rdacarrier/spa1 aCiencias naturales. Biología aContiene bibliografía. aDescripción basada en metadatos suministrados por el editor y otras fuentes. 0aButterflieszColombia. 4aMariposaszColombia. 4aLibros electrónicos. 0aCiencias naturales. Biología.40uhttps://elibro.net/ereader/politecnicointernacional/214503